| 000 | 00816nas a2200277 4500 | ||
|---|---|---|---|
| 001 | BR0301189 | ||
| 003 | BR-BrBNA | ||
| 005 | 20231205103621.0 | ||
| 007 | ta | ||
| 008 | 230509b bl.|||p| |||| 00| 00por d | ||
| 040 |
_aBR-BrBNA _bpor _cBiblioteca Nacional de Agricultura |
||
| 041 | _a(Pt) | ||
| 072 | _aH20 | ||
| 100 | 1 | _aSouza, R.T. | |
| 100 | 1 | _aForcelini, C.A. | |
| 100 | 1 | _aReis, E.M. | |
| 100 | 1 | _aCalvete, E.O. | |
| 245 | 1 | _aValidação de dois sistemas de previsão para a queima das folhas da cenoura | |
| 650 | _aCENOURA | ||
| 650 | _aQUEIMA DA FOLHA | ||
| 650 | _aCONTROLE QUÍMICO | ||
| 650 | _aFUNGICIDA | ||
| 773 | 0 |
_tFitopatologia Brasileira (Brazil) _xISSN 0100-4158 _g(Jan-Feb 2002), v. 27(1) p. 87-90 _wBR0301189 |
|
| 909 |
_a202311 _bLúcia _c55 _dLúcia Elande |
||
| 942 |
_2AGRIS _n0 _cANA |
||
| 999 |
_c173837 _d173837 |
||